01002nam a2200193 a 450000100100000000500170001000800410002704000260006808200150009410000260010924500580013526000640019330000280025704900090028595201350029495201840042995201780061399900170079100001672520200929164943.0100310s1944 dr a 000 0 spa d aDO-SdBNPbspqacBNPHU axxxbP645s1 aPina, Tulio H.93709710aSeguros sobre accidentes de trabajo /cTulio H. Pina. aCiudad Trujillo, República Dominicana :bMontalvo,c1944. a271 p. :bil. ;c25 cm. aBNPD 001054708RVaGRbGRcCTd2011-06-14iLF1l0oxxx P645sp16725-30r2020-06-25te. 3w2020-06-25y4zDedicadoZPréstamo en sala 001050718RVaPDbPDcHDd2010-03-10iLF1l0oxxx P645sp16725-10r2020-06-25w2020-06-25y1zPerteneció a la biblioteca personal de Julio Ortega Frier. DedicadoZNo se presta 001050718RVaPDbPDcCTd2011-06-14iLF1l0oxxx P645sp16725-20r2020-06-25te. 2w2020-06-25y1zPerteneció a la biblioteca personal de Martínez Boog.ZNo se presta c16257d16257